Catalog

Record Details

Catalog Search



Available copies

  • 1 of 1 copy available at LARL/NWRL Consortium.
  • 1 of 1 copy available at Lake Agassiz Regional Library. (Show preferred library)

Current holds

0 current holds with 1 total copy.

Show Only Available Copies
Location Call Number / Copy Notes Barcode Shelving Location Status Due Date
Climax Public Library J KEE (Text) 33500009080508 Main Available -

Record details

  • ISBN: 9781416933854 (pbk.)
  • ISBN: 1416933859 (pbk.)
  • Physical Description: 149 p. : 20 cm.
  • Edition: 1st Aladdin Paperbacks ed.
  • Publisher: New York : Aladdin Paperbacks, 2007.

Content descriptions

Summary, etc.:
Charlie Adam's sister Alicia opens a boutique in ... Read More
Subject: Drew, Nancy (Fictitious character) > Juvenile fiction.
Friendship > Juvenile fiction.
Drew, Nancy (Fictitious character) > Fiction.
Friendship > Fiction.
Genre: Mystery fiction.
LDR 01684cam a2200361Ia 4500
00178344
003LARL_NWRL_CONSORTIUM
00520070321121812.0
008070228s2007 nyu j 000 1 eng d
020 . ‡a9781416933854 (pbk.)
020 . ‡a1416933859 (pbk.)
035 . ‡a(OCoLC)85454145
1001 . ‡aKeene, Carolyn. ‡0(LARL_NWRL_CONSORTIUM)58935
24510. ‡aDressed to steal ‡n#22 / ‡cCarolyn Keene.
250 . ‡a1st Aladdin Paperbacks ed.
260 . ‡aNew York : ‡bAladdin Paperbacks, ‡c2007.
300 . ‡a149 p. : ‡c20 cm.
4900 . ‡aNancy Drew, girl detective ; ‡v22
520 . ‡aCharlie Adam's sister Alicia opens a boutique in River Heights. Way more people than expected show up, and the store window is smashed, and people are injured!
650 0. ‡aDrew, Nancy (Fictitious character) ‡vJuvenile fiction. ‡0(LARL_NWRL_CONSORTIUM)172010
650 0. ‡aFriendship ‡vJuvenile fiction. ‡0(LARL_NWRL_CONSORTIUM)164914
650 1. ‡aDrew, Nancy (Fictitious character) ‡vFiction.
650 1. ‡aFriendship ‡vFiction. ‡0(LARL_NWRL_CONSORTIUM)164944
655 7. ‡aMystery fiction. ‡2gsafd
901 . ‡a78344 ‡bOCLC ‡c78344 ‡tbiblio

Additional Resources